[Event "ITA-ch (Women)"]
[Site "Porto San Giorgio"]
[Date "2004.08.24"]
[Round "5"]
[White "Di Blasi, Erica"]
[Black "Brunello, Marina"]
[Result "0-1"]
[WhiteElo "1589"]
[BlackElo "1571"]
[PlyCount "142"]
[EventDate "2004.08.20"]
[EventType "swiss"]
[EventRounds "9"]
[EventCountry "ITA"]
[SourceTitle "EXT 2005"]
[Source "ChessBase"]
[SourceDate "2004.11.15"]
[SourceVersion "1"]
[SourceVersionDate "2004.11.15"]
[SourceQuality "1"]

1. e4 e5 2. Nf3 Nc6 3. Bc4 Bc5 4. Nc3 a6 5. a3 Nf6 6. d3 h6 7. 0-0 d6 8. h3 0-0 9. Ne2 Nh7 10. Ng3 Nd4 11. Nh2 Qh4 12. Kh1 Ba7 13. c3 Ne6 14. Nf5 Qf6 15. Ng4 Qd8 16. Ngxh6+ Kh8 17. Qg4 gxh6 18. Bxe6 Rg8 19. Nxh6 Bxe6 20. Qxg8+ Qxg8 21. Nxg8 Rxg8 22. f4 exf4 23. Bxf4 d5 24. Bxc7 dxe4 25. Be5+ f6 26. Bxf6+ Nxf6 27. Rxf6 Bd5 28. dxe4 Bxe4 29. Rh6+ Kg7 30. Rh4 Bf5 31. Rd1 Kf6 32. Rc4 Rg7 33. Rf1 Ke6 34. Rcf4 Bc2 35. Re1+ Kd6 36. Re2 Bb3 37. Rd2+ Kc7 38. Rf3 Re7 39. Rf1 Bb8 40. Rd4 Bc2 41. Rd2 Bb3 42. Rd4 Bc2 43. Rc4+ Kb6 44. Kg1 Ka7 45. Rc1 Bh7 46. b4 Bg3 47. Rc5 Bf4 48. Rd1 Be3+ 49. Kf1 Bxc5 50. bxc5 Re5 51. c6 Bc2 52. c7 Rc5 53. Rd2 Ba4 54. c4 Rxc7 55. Rd4 Bb3 56. g4 Bxc4+ 57. Kf2 b5 58. g5 Bf7 59. h4 Bh5 60. Rd6 Rg7 61. Kg3 Rg8 62. Kf4 Rf8+ 63. Rf6 Rxf6+ 64. gxf6 a5 65. Kg5 Bf7 66. h5 b4 67. axb4 axb4 68. h6 b3 69. h7 b2 70. h8Q b1Q 71. Kh6 Qg6# 0-1

[Event "ITA-ch (Women)"]
[Site "Porto San Giorgio"]
[Date "2004.08.21"]
[Round "2"]
[White "Clappa, Ilaria"]
[Black "Di Blasi, Erica"]
[Result "1-0"]
[WhiteElo "1850"]
[BlackElo "1589"]
[PlyCount "96"]
[EventDate "2004.08.20"]
[EventType "swiss"]
[EventRounds "9"]
[EventCountry "ITA"]
[SourceTitle "EXT 2005"]
[Source "ChessBase"]
[SourceDate "2004.11.15"]
[SourceVersion "1"]
[SourceVersionDate "2004.11.15"]
[SourceQuality "1"]

1. e4 c5 2. c4 Nc6 3. Nc3 Nf6 4. g3 d6 5. Bg2 g6 6. h3 e5 7. Nge2 Bg7 8. d3 Bd7 9. 0-0 a6 10. a3 Qc8 11. Kh2 h5 12. Nd5 Nxd5 13. exd5 Ne7 14. h4 f6 15. Kg1 Bh6 16. f4 Nf5 17. Qe1 0-0 18. Nc3 Qd8 19. Ne4 Qe7 20. b4 b6 21. Rb1 Rab8 22. Bd2 Nd4 23. fxe5 Bxd2 24. Qxd2 fxe5 25. bxc5 bxc5 26. Rxb8 Rxb8 27. Rf6 Bf5 28. Qg5 Qb7 29. Nd2 Qb2 30. Rxd6 Qc1+ 31. Kh2 Ne2 32. Nf3 Qxg5 33. hxg5 Bxd3 34. Nxe5 Rb3 35. Rxa6 Rc3 36. Nxd3 Rxd3 37. Rxg6+ Kf7 38. Rf6+ Ke7 39. Re6+ Kd7 40. Rxe2 Rxa3 41. g6 Ra8 42. Bh3+ Kc7 43. Be6 Kd6 44. g7 Rb8 45. Rf2 Ke7 46. Rf7+ Kd6 47. Rf8 Rxf8 48. gxf8Q+ Ke5 1-0